| 000 | 01332nam0a22002891 4500 | ||
|---|---|---|---|
| 001 | rc\4743496 | ||
| 005 | 20250612015738.0 | ||
| 021 |
_aRU _bРг3077-68 |
||
| 035 | _a(NLR Aleph) 008454179 | ||
| 090 |
_a7828203 _c7828203 |
||
| 100 | _a20130416d1967 |||y0rusy50 ca | ||
| 101 | 0 | _arus | |
| 102 | _aRU | ||
| 105 | _ay z ||||| | ||
| 200 | 1 |
_aПлан организационно-хозяйственного устройства - каждому колхозу и совхозу _fПравление общества "Знание" БССР. Научно-методический совет по пропаганде сельскохозяйственных знаний |
|
| 210 |
_aМинск _cБ. и. _d1967 |
||
| 215 |
_a20 с. _d20 |
||
| 225 | 1 | _aМатериал в помощь лекторам, преподавателям народных университетов сельскохозяйственных знаний | |
| 300 | _aОтпеч. множит. аппаратом | ||
| 300 | _aПеред загл. авт: П.П. Никитенко, канд. экон. наук | ||
| 333 | _aНа правах рукописи | ||
| 700 | 1 |
_aНикитенко _bП.П. _gПетр Петрович |
|
| 801 | 0 |
_aRU _bNLR _gpsbo |
|
| 801 | 1 |
_aRU _bELAR _2rusmarc |
|
| 852 |
_aNLR _j68-4/8386 |
||
| 942 | _cBOOK | ||
| 980 | _aNB | ||